| 000 | 01084nam a22003137a 4500 | ||
|---|---|---|---|
| 003 | CHAP | ||
| 005 | 20220329134018.0 | ||
| 008 | 971013s1983 r 00010 d | ||
| 010 | _a14078 | ||
| 011 | _a15050 | ||
| 035 | _a19124 | ||
| 040 | _cCHAP | ||
| 090 | _aTesis | ||
| 100 | 0 | 0 |
_aHernández Bejarano, Francisco Javier. _953850 |
| 245 | _aEstudio del efecto del bicarbonato de sodio en raciones de vaquillas Holstein gestantes | ||
| 260 |
_aMnterrey, N. L. : _bEl Autor, _c1983 |
||
| 300 |
_a44 h. _b; gráfs. |
||
| 502 | _aTesis (Ing. Agrónomo Zootecnista) -- ITESM. Div. de Ciencias Agropecuarias y Marítimas | ||
| 590 |
_aALEPH _b10 _c20130110 _lUCH01 _h1234 |
||
| 590 |
_aBATCH-UPD _b10 _c20130110 _lUCH01 _h2059 |
||
| 590 |
_aBATCH-UPD _b10 _c20130410 _lUCH01 _h1412 |
||
| 590 |
_aBATCH-UPD _b10 _c20130914 _lUCH01 _h0626 |
||
| 590 |
_aCONVERSION _b10 _c20130109 _lUCH01 _h1309 |
||
| 650 | 1 | 4 |
_aBicarbonato de sodio en nutrición animal. _912604 |
| 650 | 1 | 4 |
_aGanado vacuno _xNutrición. _945498 |
| 901 | _aBK | ||
| 942 | _cTESIS | ||
| 949 |
_bBC _cTES _d-44342 _eTS1 _i19124 _si |
||
| 999 |
_c14078 _d14078 |
||